Reine Rechtslehre und Strafrechtsdoktrin: zur Theorienstruktur in der Rechtswissenschaft am Beispiel der allgemeinen Strafrechtslehre

Guardado en:  
Detalles Bibliográficos
Autor principal: Lippold, Rainer (Autor)
Tipo de documento: Print Libro
Lenguaje:Alemán
Publicado: Wien [u.a.] Springer 1989
En: Forschungen aus Staat und Recht (87)
Año: 1989
Acceso en línea: Índice
Índice
Verificar disponibilidad: HBZ Gateway
Servicio de pedido Subito: Pedir ahora.
Palabras clave:

MARC

LEADER 00000cam a2200000 c 4500
001 272206083
003 DE-627
005 20260206203934.0
007 tu
008 890906s1989 au ||||| m 00| ||ger c
015 |a 89,N34,0260  |2 dnb 
015 |a 89,A47,0408  |2 dnb 
016 7 |a 891284710  |2 DE-101 
020 |a 3211821597  |9 3-211-82159-7 
020 |a 0387821597  |9 0-387-82159-7 
035 |a (DE-627)272206083 
035 |a (DE-603)011096896 
035 |a (DE-576)018535240 
035 |a (DE-599)GBV272206083 
035 |a (OCoLC)230983730 
035 |a (OCoLC)230983730 
035 |a (OCoLC)22566923 
040 |a DE-627  |b ger  |c DE-627  |e rakwb 
041 |a ger 
044 |c XA-AT  |c XD-US 
084 |a 19  |2 sdnb 
084 |a 19  |a 10  |2 sdnb 
084 |a PI 4510  |2 rvk  |0 (DE-625)rvk/136629: 
084 |a PH 2260  |2 rvk  |0 (DE-625)rvk/135982: 
084 |a PI 2770  |2 rvk  |0 (DE-625)rvk/136580: 
100 1 |a Lippold, Rainer  |4 aut 
245 1 0 |a Reine Rechtslehre und Strafrechtsdoktrin  |b zur Theorienstruktur in der Rechtswissenschaft am Beispiel der allgemeinen Strafrechtslehre  |c Rainer Lippold 
264 1 |a Wien [u.a.]  |b Springer  |c 1989 
300 |a XII, 458 S. 
336 |a Text  |b txt  |2 rdacontent 
337 |a ohne Hilfsmittel zu benutzen  |b n  |2 rdamedia 
338 |a Band  |b nc  |2 rdacarrier 
490 1 |a Forschungen aus Staat und Recht  |v 87 
502 |a Zugl.: Hamburg, Univ., Diss., 1989 
583 1 |a Massenentsäuert  |c 2010  |2 pdager  |5 DE-18 
583 1 |a Archivierung prüfen  |c 20240324  |f DE-4165  |z 3  |2 pdager 
650 4 |a Strafrecht, Gesetz, Sanktion, Handlungslehre, Rechtsordnung, Theorie 
655 7 |a Hochschulschrift  |0 (DE-588)4113937-9  |0 (DE-627)105825778  |0 (DE-576)209480580  |2 gnd-content 
689 0 0 |d s  |0 (DE-588)4133444-9  |0 (DE-627)105680044  |0 (DE-576)209643994  |a Strafrechtstheorie  |2 gnd 
689 0 1 |d s  |0 (DE-588)4049224-2  |0 (DE-627)106187724  |0 (DE-576)209081260  |a Reine Rechtslehre  |2 gnd 
689 0 |5 DE-101 
751 |a Hamburg  |0 (DE-588)4023118-5  |0 (DE-627)106305433  |0 (DE-576)20894754X  |4 uvp 
830 0 |a Forschungen aus Staat und Recht  |v 87  |9 87  |w (DE-627)130111333  |w (DE-576)015642704  |w (DE-600)503863-7  |x 0071-7657  |7 am 
856 4 2 |u https://swbplus.bsz-bw.de/bsz018535240inh.htm  |m V:DE-576;B:DE-Frei85  |q application/pdf  |v 20181206142931  |3 Inhaltsverzeichnis  |7 1 
856 4 2 |u http://scans.hebis.de/HEBCGI/show.pl?01109689_toc.pdf  |m V:DE-603;B:DE-17  |q application/pdf  |3 Inhaltsverzeichnis  |7 1 
889 |w (DE-627)025655787 
935 |i mdedup 
935 |i Blocktest 
935 |h HEB  |i 0501 
935 |h HEB  |i 0503 
936 r v |a PI 4510  |b Strafe, Allgemeines  |k Rechtswissenschaft  |k Allgemeine Rechtslehre und Rechtstheorie, Rechts- und Staatsphilosophie, Rechtssoziologie  |k Strafrechtsphilosophie sowie weltanschaulich umstrittene Fragen des Rechts  |k Strafe, Allgemeines  |0 (DE-627)1270882511  |0 (DE-625)rvk/136629:  |0 (DE-576)200882511 
936 r v |a PH 2260  |b Wissenschaft, Forschung, Methodik, Allgemeine Prinzipien, System  |k Rechtswissenschaft  |k Strafrecht, Strafverfahrensrecht, Kriminologie  |k Allgemeines und Geschichte  |k Allgemeines  |k Wissenschaft, Forschung, Methodik, Allgemeine Prinzipien, System  |0 (DE-627)1272236587  |0 (DE-625)rvk/135982:  |0 (DE-576)202236587 
936 r v |a PI 2770  |b Sekundärliteratur  |k Rechtswissenschaft  |k Allgemeine Rechtslehre und Rechtstheorie, Rechts- und Staatsphilosophie, Rechtssoziologie  |k Geschichte der Staats- und Rechtsphilosophie  |k Staats- und Rechtsphilosophie im 20. Jahrhundert und 21. Jahrhundert  |k Sekundärliteratur  |0 (DE-627)1270920413  |0 (DE-625)rvk/136580:  |0 (DE-576)200920413 
936 s n |a p100  |2 mzub 
936 s n |a c100  |2 mzub 
951 |a BO 
ELC |b 1 
LOK |0 000 xxxxxcx a22 zn 4500 
LOK |0 001 3326127251 
LOK |0 003 DE-627 
LOK |0 004 272206083 
LOK |0 005 20131210154018 
LOK |0 008 130823||||||||||||||||ger||||||| 
LOK |0 040   |a DE-21-110  |c DE-627  |d DE-21-110 
LOK |0 689   |a s  |a Wissenschaftstheorie 
LOK |0 689   |a s  |a Reine Rechtslehre 
LOK |0 689   |a s  |a Normentheorie 
LOK |0 689   |a s  |a Strafrechtssystem 
LOK |0 689   |a s  |a Strafrechtstheorien 
LOK |0 689   |a s  |a Allgemeines Strafrecht 
LOK |0 852   |z Kein Bestand am IfK; Nachweis für KrimDok 
LOK |0 852   |a DE-21-110 
LOK |0 852 1  |9 00 
LOK |0 935   |a k110 
LOK |0 939   |a 23-08-13  |b l01 
ORI |a SA-MARC-krimdoka001.raw